000 00509nam a2200193 a 4500
005 20240924070122.0
008 991125s1909 mad 000 0 spa u
035 _aUPN01000057227
049 _aCE
050 4 _aJC249 D8.7
100 1 _aDuguit, León,
_d1859-1928
245 1 3 _aLa transformación del Estado /
_cLeón Duguit
260 _aMadrid :
_bF. Beltrán,
_c1909
300 _a203 p.
650 7 _aDerechos políticos
_2
_95774
650 4 _aEstado
_96019
904 _aAC
_b057230
905 _aLibro
999 _c57227
_d57227